000 01305nam a2200325Ia 4500
001 ebr10406800
003 CaPaEBR
006 m u
007 cr cn|||||||||
008 100628s2010 enk sb 001 0 eng d
010 _z 2010027239
020 _z9781409404026 (hardback : alk. paper)
020 _z9781409404033
040 _aCaPaEBR
_cCaPaEBR
035 _a(OCoLC)680618829
050 1 4 _aHX833
_b.S448 2010eb
082 0 4 _a320.5/7
_222
100 1 _aShantz, Jeff.
245 1 0 _aConstructive anarchy
_h[electronic resource] :
_bbuilding infrastructures of resistance /
_cJeff Shantz.
260 _aFarnham, Surrey, England ;
_aBurlington, VT :
_bAshgate Pub. Co.,
_cc2010.
300 _ax, 203 p.
504 _aIncludes bibliographical references and index.
533 _aElectronic reproduction.
_bPalo Alto, Calif. :
_cebrary,
_d2010.
_nAvailable via World Wide Web.
_nAccess may be limited to ebrary affiliated libraries.
650 0 _aAnarchists
_xPolitical activity.
650 0 _aAnarchists
_xPolitical activity
_zNorth America.
650 0 _aAnarchism
_zNorth America.
655 7 _aElectronic books.
_2local
710 2 _aebrary, Inc.
856 4 0 _uhttp://site.ebrary.com/lib/rucke/Doc?id=10406800
_zAn electronic book accessible through the World Wide Web; click to view
999 _c184324
_d184324